000 00320nam a22001337a 4500
008 171108b xxu||||| |||| 00| 0 eng d
020 _a9780815707752
041 _aeng
080 _a330.322
100 _a64
101 _aINV
245 _aSOUTH AFRICA AND THE WORLD ECONOMY IN THE 1990S
_cBAKER,P,H
942 _2udc
_cBK
999 _c38188
_d38188